000
00263nam a2200109Ia 4500
008
230907s9999||||xx |||||||||||||| ||und||
082
_a
621.319
_b
SMA
245
0
_a
Smart grid security :
260
_a
Springer,
_b
New York :
_c
2013
300
_a
p. cm.
942
_c
BK
999
_c
597809
_d
597809